US Air Force Monopoly - Statistics

General Stats
  • This quiz has been taken 15 times
  • The average score is 8 of 42
Answer Stats
Hint Answer % Correct
Token B-2
50%
Dark Blue B-2 Spirit
50%
Token F-22
50%
Dark Blue F/A-22 Raptor
50%
Corner Go
40%
Corner Jail
40%
Magenta Joint Strike Fighter
30%
Railroad Air Force Academy
20%
Yellow Air Force One
20%
Railroad Basic Military Training
20%
Red E-8 Joint Stars
20%
Corner Free Parking
20%
Corner Go To Jail
20%
Light Blue MH-53J/M Pave Low
20%
Railroad Officer Training School
20%
Token UAV
20%
Light Blue AC-130H/U Gunship
10%
Magenta Airborne Laser
10%
Tax Air Force Aid Society
10%
Company Air Force Battlelab
10%
Tax Air Force Memorial Foundation
10%
Company Air Force Research Lab
10%
Chance Airman's legacy
10%
Orange Air Operations Center
10%
Token Air Traffic Control Tower
10%
Token C-17
10%
Yellow C-17 Globemaster III
10%
Community Chest Commander's Call
10%
Green Defense Satellite Communications System III
10%
Green Delta III Launch Vehicle
10%
Orange Expeditionary Medical Support
10%
Red Global Hawk
10%
Light Blue HH-60 Pave Hawk
10%
Yellow KC-135 Stratotanker
10%
Magenta Multi Sensor Command And Control Aircraft
10%
Green Peacekeeper ICBM
10%
Red Predator
10%
Railroad Reserve Officer Training Corps
10%
Token Satellite
10%
Purple T-1A Jayhawk
10%
Purple T-6A Texan II
10%
Orange Tanker Airlift Control Element
10%
No matching quizzes found
Score Distribution
Percent of People with Each Score
Percentile by Number Answered
Your Score History
You have not taken this quiz